| 000 | 00635nam a2200193Ia 4500 | ||
|---|---|---|---|
| 008 | 151119s9999||||xx |||||||||||||| ||und|| | ||
| 082 | _a891.433 | ||
| 082 | _bGKKV11185 | ||
| 100 | _aरेणू फणीश्वरनाथ | ||
| 245 | _aकाळी माती हिरवी नाती | ||
| 260 | _a-- | ||
| 260 | _b-- | ||
| 260 | _c1989 | ||
| 600 | _aरेणू फणीश्वरनाथ | ||
| 630 | _aकाळी माती हिरवी नाती | ||
| 700 | _aरेणू फणीश्वरनाथ | ||
| 730 | _aकाळी माती हिरवी नाती | ||
| 942 | _cBOOK | ||
| 999 |
_c1065206 _d1065203 |
||